King Von Songs - Statistics

General Stats
  • This quiz has been taken 174 times
  • The average score is 19 of 49
Answer Stats
Album Artist(s) Song % Correct
Grandson Vol. 1 King Von Crazy Story
91%
Levon James King Von Took Her To The O
78%
Welcome To O Block King Von Armed & Dangerous
66%
Welcome To O Block King Von Demon
57%
Welcome To O Block King Von, Polo G The Code
56%
Levon James King Von 3AM
53%
Levon James King Von 2AM
52%
Grandson Vol. 1 King Von No Flaws
51%
Grandson Vol. 1 King Von Crazy Story 3
50%
Grandson Vol. 1 King Von, Lil Durk Twin Nem
50%
Welcome To O Block King Von, Lil Durk All These Niggas
49%
Welcome To O Block King Von Why He Told
49%
Grandson Vol. 1 King Von, Lil Durk Crazy Story 2
47%
Welcome To O Block King Von Ride
47%
Welcome To O Block King Von, Prince Dre, Lil Durk Back Again
46%
Welcome To O Block King Von, Fivio Foreign I Am What I Am
46%
Welcome To O Block King Von Gleesh Place
44%
Grandson Vol. 1 King Von Went Silly
43%
Welcome To O Block King Von How It Go
42%
Welcome To O Block King Von Waynes Story
42%
Grandson Vol. 1 King Von Tuff
38%
Welcome To O Block King Von GTA
37%
Welcome To O Block King Von Mine Too
37%
Levon James King Von, G Herbo On Yo Ass
37%
Levon James King Von, NLE Choppa Message
35%
Grandson Vol. 1 King Von Fuck Yo Man
34%
Grandson Vol. 1 King Von Hoes Aint Shit
34%
Levon James King Von, YNW Melly Rollin
34%
Levon James King Von, Yungeen Ace Trust Issues
33%
Welcome To O Block King Von, Dreezy Mad At You
32%
Levon James King Von Broke Opps
31%
Levon James King Von, Lil Durk Down Me
31%
Grandson Vol. 1 King Von War With Us
30%
Grandson Vol. 1 King Von What Its Like
29%
Grandson Vol. 1 King Von, Booka600 Jet
28%
Grandson Vol. 1 King Von Mamas Boy
28%
Feature Lil Durk, King Von Still Trappin
28%
Welcome To O Block King Von, Moneybagg Yo Aint See It Coming
25%
Levon James King Von, Lil Durk, Booka600 Baguettes
25%
Welcome To O Block King Von Cant Relate
25%
Levon James King Von Something Else
23%
Levon James King Von Block
22%
Levon James King Von Dont Want To Be Me
22%
Levon James King Von Same As Us
22%
Levon James King Von, Tee Grizzley Str8
20%
Feature Funk Flex, King Von Lurkin
19%
Feature Yungeen Ace, King Von Hardaway
17%
Levon James King Von See Me Make It
16%
Feature Offset, Trippie Redd, Kevin Gates, Lil Durk, King Von Hit Em Hard
10%
No matching quizzes found
Score Distribution
Percent of People with Each Score
Percentile by Number Answered
Your Score History
You have not taken this quiz